000 00457nmm a2200157Ia 4500
008 251105s9999||||xx |||||||||||||||||und||
020 _a9788468781013
041 _aspa
100 _aMorgan, Sarah
245 0 _aDe repente, el último verano
264 _a[Madrid, España] :
_bHarlequin,
_c[Fecha de publicación no identificada]
300 _a0 páginas
650 _aRomance
856 _uhttps://public.digitaliapublishing.com/a/94860
942 _cCF
999 _c84476
_d84476